000 00688cam a2200181 i 4500
005 20251108165347.0
008 250721s1992 le gr 000 0 ara d
082 1 4 _a212.1
_bش ه ب
100 1 _aأبو شهبه، محمد بن محمد
_eمؤلف.
245 1 0 _aالإسرائيليات و الموضوعات في كتب التفسير /
_cللشيخ العلامة الدكتور العلامة محمد بن محمد ابو شهبة.
250 _aالطبعة الاولى.
264 1 _aبيروت :
_bدار الجيل،
_c1992.
300 _a348صفحة.
650 1 7 _aالقرآن الكريم.
650 1 7 _aالتفسير.
942 _2ddc
_cREF
999 _c26020
_d26020